50 größte Städte außerhalb Asiens - Statistiken

Allgemein
  • Dieses Quiz wurde 153 mal gespielt
  • Das Durchschnittsergebnis liegt bei 35 aus 50
Antwortstatistiken
Land Bevölkerung Stadt % Korrekt
Ägypten 10,1 Mio Kairo
100%
Vereinigtes Königreich 8,9 Mio London
100%
Russland 13,0 Mio Moskau
100%
Russland 5,6 Mio Sankt Petersburg
99%
Deutschland 3,7 Mio Berlin
98%
Türkei 15,9 Mio Istanbul
98%
Spanien 3,3 Mio Madrid
98%
Mexiko 8,8 Mio Mexiko-Stadt
98%
Vereinigte Staaten 8,5 Mio New York City
98%
Brasilien 6,6 Mio Rio de Janeiro
98%
Australien 5,2 Mio Sydney
98%
Südafrika 4,8 Mio Johannesburg
95%
Südafrika 4,8 Mio Kapstadt
95%
Ukraine 3,0 Mio Kiew
95%
Italien 2,9 Mio Rom
95%
Peru 9,7 Mio Lima
93%
Argentinien 3,1 Mio Buenos Aires
92%
Vereinigte Staaten 3,8 Mio Los Angeles
91%
Chile 5,2 Mio Santiago de Chile
91%
Brasilien 12,2 Mio São Paulo
89%
Kolumbien 7,9 Mio Bogotá
88%
Algerien 2,9 Mio Algier
84%
Australien 5,0 Mio Melbourne
84%
Brasilien 2,9 Mio Brasília
81%
Nigeria 15,9 Mio Lagos
81%
Kanada 2,8 Mio Toronto
81%
Vereinigte Staaten 2,7 Mio Chicago
80%
Kenia 4,4 Mio Nairobi
80%
Ägypten 5,3 Mio Alexandria
79%
Demokratische Republik Kongo 16,3 Mio Kinshasa
79%
Marokko 3,4 Mio Casablanca
75%
Südafrika 4,0 Mio Pretoria
73%
Ecuador 2,7 Mio Quito
71%
Äthiopien 3,5 Mio Addis Abeba
69%
Angola 9,1 Mio Luanda
64%
Nigeria 3,8 Mio Abuja
53%
Südafrika 4,2 Mio Durban
50%
Mali 4,2 Mio Bamako
49%
Tansania 5,4 Mio Daressalam
49%
Ägypten 4,4 Mio Gizeh
44%
Kamerun 2,8 Mio Yaoundé
43%
Elfenbeinküste 5,6 Mio Abidjan
39%
Nigeria 4,3 Mio Kano
27%
Kamerun 2,8 Mio Douala
20%
Nigeria 3,9 Mio Ibadan
18%
Ghana 2,9 Mio Kumasi
16%
Demokratische Republik Kongo 2,8 Mio Lubumbashi
15%
Nigeria 3,5 Mio Port Harcourt
12%
Demokratische Republik Kongo 2,9 Mio Mbuji-Mayi
5%
Südafrika 4,1 Mio Ekurhuleni
0%
Keine übereinstimmenden Quizze gefunden
Verteilung der Resultate
Anzahl Personen mit jedem Resultat
Perzentil nach korrekt beantworteten Fragen
Ihre Resultats-Entwicklung
Sie haben dieses Quiz noch nicht gespielt